| 000 | 00357nam a2200133Ia 4500 | ||
|---|---|---|---|
| 001 | 2901 | ||
| 008 | 241024s9999 xx 000 0 und d | ||
| 082 | _aRD/628/R426c | ||
| 100 | _aRepública Dominicana. Ministerio de Salud Pública | ||
| 245 | 0 | _aCoordinación en Acción | |
| 260 |
_bSanto Domingo _c2012 |
||
| 901 | _a13/6/2013 2:54:26 p.m. | ||
| 999 |
_c8016 _d8016 |
||